000 01388nam a22003614i 4500
999 _c64568
_d64568
001 221882
003 CO-MdFUSB
005 20181001104939.0
008 830906s1983 enk b 00110 eng u
010 _a 83017947
020 _a0826701507 (soft)
039 0 _a2
_b3
_c3
_d3
_e3
040 _aCO-MdFUSB
_bspa
_cCO-MdFUSB
_dCO-MdFUSBC
_erda
041 _aeng
082 0 _a227.8707
_223
_bEL46
245 1 2 _aA translator's handbook on the Letter to the Hebrews
_c/ Paul Ellingworth y Eugene A. Nida.
264 1 _aNew York :
_bUnited Bible Societies,
_c℗1983.
264 4 _c©1983
300 _aviii, 364 páginas ;
_c24 cm.
336 _2rdacontent
_atexto
_btxt
337 _2rdamedia
_asin mediación
_bn
338 _2rdacarrier
_avolumen
_bnc
490 _aHelps for translators series
505 _aPrefacio -- Abreviaciones usadas en este volumen -- Traduciendo la carta a los hebreos -- La carta a los hebreos -- Apéndice A. La estructura literaria de Hebreos -- Apéndice B. La traducción de "Pacto" -- Apéndice C. La traducción de "Fe"
630 7 _aBiblia.
_pHebreos
_xCrítica, interpretación, etc.
700 1 0 _aNida, Eugene Albert,
_d1914-
_etraductora
700 1 0 _aEllingworth, Paul.
_etraductor
942 _cBK